000 00615nam a2200205Ia 4500
003 GCL
008 140319s9999 xx 000 0 ara d
040 _aGCL /
_cGCL
082 0 4 _a823.03
_bب ش
100 1 _aبورديك، ديوجين
245 1 0 _aشخصية العم سام /
_cبورديك، ديوجين
700 1 _aجى، وليم
700 1 _aمحمد صوان (مترجم)
700 1 _aعثمان نويه
300 _a110 ص
490 _aالفكر العالمى
_v0
650 0 4 _aالادب الامريكى
650 0 4 _aالقصة الامريكية المترجمة
942 _2ddc
_cBK
999 _c47604
_d47604